000 00491nam a2200181Ia 4500
001 44492
008 140428s9999 xx 000 0 und d
020 _aNA
040 _cPK-LaUMT
082 _aRHC 891.55
_bZAH-M
100 _aZaheer Ahmad Siddiqi
245 _aMutaalaat-e-adabiyyaat-e-Faarsi (Persian)
_cZaheer Ahmad Siddiqi
260 _aLahore,Pakistan:
_bMajlas Tehqeeq o Taleef Farsi,
_c1991
300 _a151 p.
546 _aPersian
650 _aFarsi literature
942 _cBK
999 _c42485
_d42485